000 01128nam a2200265Ia 4500
001 939-SOD wo in (19518)
003 IT-MiSPE
008 171229s9999||||xx |||||||||||||| ||und||
040 _aIT-MiSPE
_cIT-MiSPE
041 _aITALIANO
100 _aWolfram von Soden
240 _aEinführung in die Altorientalistik
245 0 _aIntroduzione all'orientalistica antica
250 _a1a ed. (v)
260 _aBrescia
_bPaideia
_c1989
300 _a282 p.
_c21 cm
490 _aStudi sul Vicino Oriente antico
500 _aMedio Oriente antico
501 _aEdizioni San Paolo srl - Piazza Soncino, 5 - 20092 CINISELLO BALSAMO (MI) (non commercial uses only) ® Copyright 2018
700 _aClelia Mora
700 _aLaura Marchini
_g(traduzione)
942 _cBK
957 _71
999 _a5925
_bNO
_g Copie: 1
_c356841
_d356841